APPLIED REGRESSION ANALYSIS AND OTHER MULTIVARIABLE METHODS (Record no. 216712)

MARC details
000 -LEADER
fixed length control field 00623nam a22001937a 4500
008 - FIXED-LENGTH DATA ELEMENTS--GENERAL INFORMATION
fixed length control field 260226b |||||||| |||| 00| 0 eng d
020 ## - INTERNATIONAL STANDARD BOOK NUMBER
International Standard Book Number 978-1-285-05108-6
050 ## - LIBRARY OF CONGRESS CALL NUMBER
Classification number QA 278 .A67 2014
Item number 1
100 ## - MAIN ENTRY--PERSONAL NAME
Personal name KLEINBAUM, DAVID G.
245 ## - TITLE STATEMENT
Title APPLIED REGRESSION ANALYSIS AND OTHER MULTIVARIABLE METHODS
250 ## - EDITION STATEMENT
Edition statement 5TH EDITION
260 ## - PUBLICATION, DISTRIBUTION, ETC.
Place of publication, distribution, etc. AUSTRALIA,
Name of publisher, distributor, etc. ASHFORD COLOUR LIMITED,
Date of publication, distribution, etc. 2014,
300 ## - PHYSICAL DESCRIPTION
Extent XIX,1051;ILL
500 ## - GENERAL NOTE
General note INCLUDES BIBLIOGRAPHICAL REFERENCES AND INDEX
650 ## - SUBJECT ADDED ENTRY
Topical term or geographic name entry element REGRESSION ANALYSIS
700 ## - ADDED ENTRY--PERSONAL NAME
Personal name KUPPER LAWRENCE L, NIZAM AZHAR, ROSENBERG ELI S
942 ## - ADDED ENTRY ELEMENTS (KOHA)
Source of classification or shelving scheme Library of Congress Classification
Koha item type Long Loan Book
Holdings
Withdrawn status Lost status Source of classification or shelving scheme Damaged status Not for loan Collection Home library Current library Shelving location Date acquired Inventory number Total checkouts Full call number Barcode Date last seen Copy number Price effective from Koha item type
    Library of Congress Classification     Science & Technology Kisii University Library Kisii University Library On Display 02/26/2026 111123   QA 278 .A67 2014 a000292 02/26/2026 1 02/26/2026 Long Loan Book
    Library of Congress Classification     Science & Technology Kisii University Library Kisii University Library On Display 02/26/2026 111124   QA 278 .A67 2014 a000290 02/26/2026 2 02/26/2026 Long Loan Book
    Library of Congress Classification     Science & Technology Kisii University Library Kisii University Library On Display 02/26/2026 111125   QA 278 .A67 2014 a000291 02/26/2026 3 02/26/2026 Long Loan Book
    Library of Congress Classification     Science & Technology Kisii University Library Kisii University Library On Display 02/26/2026 111126   QA 278 .A67 2014 a000293 02/26/2026 4 02/26/2026 Long Loan Book